000 00431nam a2200157 i 4500
001 95797
003 ES-MaACL
005 20230906181756.0
007 t|
008 050606s1916 xxk ||||1| eng d
100 1 _aMacDonald, George (
_d1824-1905)
_975110
245 1 4 _aThe evolution of Coinage /
_cGeorge MacDonald.
260 _aCambridge :
_bUniv. Press,
_c1916.
300 _aVI, 148 p. ;
_c16 cm.
852 _aES-MaACL
_jD-3275
999 _c95797
_d95797